| 000 | 00391nam a2200157Ia 4500 | ||
|---|---|---|---|
| 008 | 230524s9999 xx 000 0 und d | ||
| 082 |
_a515 _bMCE |
||
| 100 |
_aRobert J.Mceliece _920988 |
||
| 245 | 0 | _aIntroduction to Discreate Mathematics | |
| 250 | _a2ND | ||
| 260 |
_aNEW DELHI _bTMH _c1989 |
||
| 300 | _aXV;513 | ||
| 500 | _aQuantity Number: 1 | ||
| 650 | _aMathematics | ||
| 942 | _cBK | ||
| 999 |
_c31148 _d31148 |
||